Film Smash #1 - Statistics

General Stats
  • This quiz has been taken 4 times
  • The average score is 6 of 10
Answer Stats
Hint Answer % Correct
James Bond comes out of retirement for one final mission against a dangerous terrorist threat, while a New York cop battles heavily armed criminals who seize control of a Los Angeles skyscraper during a Christmas party. No Time to Die Hard
100%
Rebel heroes face devastating losses as a dark galactic empire tightens its grip across the stars, while a teenager is accidentally sent through time in a DeLorean and must fix the past to save his future. Star Wars: Episode V - The Empire Strikes Back to the Future
75%
A young lion prince fights to reclaim his kingdom after tragedy strikes his family, while a giant ape is discovered on a mysterious island and brought into a world that fears his immense power. The Lion King Kong
75%
A team of mutants trains under a powerful telepath to protect a world that fears them, while a secret agency erases alien encounters from public memory to keep Earth stable. X-Men in Black
75%
A space-faring misfit crew led by Chris Pratt gets pulled into an interstellar fight for survival, while a washed-up cast of actors is mistaken for real heroes and forced into a genuine cosmic mission. Guardians of the Galaxy Quest
50%
A park designed to showcase living dinosaurs breaks down as prehistoric predators escape, while Brad Pitt races across a collapsing world to stop a rapidly spreading global infection. Jurassic World War Z
50%
A determined young woman trains under a hardened boxing coach in pursuit of greatness, while a talented getaway driver uses his skills behind the wheel to escape a dangerous life of crime. Million Dollar Baby Driver
50%
A middle-aged man navigates heartbreak, dating, and unexpected romance with help from a smooth-talking bachelor, while multiple lives and relationships intertwine in a heartfelt story about love during the Christmas season. Crazy, Stupid, Love Actually
25%
Robert Downey Jr. becomes an armored hero to protect humanity, while an alien raised among humans discovers godlike powers and struggles with what it means to be human. Iron Man of Steel
25%
Viggo Mortensen rises amid a great war to reclaim a throne, while another man struggles to find his voice and lead his people in a time of crisis. The Lord of the Rings: The Return of the King's Speech
25%
No matching quizzes found
Score Distribution
Percent of People with Each Score
Percentile by Number Answered
Your Score History
You have not taken this quiz